Estudios sobre lógica y psicología
Gorde:
| Egile nagusia: | |
|---|---|
| Formatua: | Liburua |
| Hizkuntza: | gaztelania |
| Argitaratua: |
Madrid
Alianza
1982
|
| Saila: | Alianza Universidad
|
| Gaiak: | |
| Etiketak: |
Etiketa erantsi
Etiketarik gabe, Izan zaitez lehena erregistro honi etiketa jartzen!
|
MARC
| LEADER | 00000nam a2200000 a 4500 | ||
|---|---|---|---|
| 001 | UCN5257 | ||
| 003 | CL-VaPUC | ||
| 008 | 010824e19820000SP |||||||||||||||||spa|d | ||
| 082 | 0 | 4 | |a 153.43 |b PIA |2 21 |
| 100 | 0 | |a Piaget, Jean |e author |9 308149 | |
| 245 | 1 | 0 | |a Estudios sobre lógica y psicología |
| 300 | |a 198 p | ||
| 942 | |c BK | ||
| 945 | |d 20010824 00:00:00 |a cmena | ||
| 260 | |a Madrid |b Alianza |c 1982 | ||
| 650 | 0 | |a Cognición |9 270347 | |
| 650 | 0 | |a Razón |9 314475 | |
| 650 | 0 | |a Lógica matemática |9 262442 | |
| 650 | 0 | |a Desarrollo cognitivo |9 311398 | |
| 650 | 0 | |a Procesos mentales superiores |9 330839 | |
| 583 | |a last modification |c 20010824 00:00:00 |k Rodrigo Vera | ||
| 490 | 0 | |a Alianza Universidad | |
| 999 | |c 296911 |d 296909 | ||
| 952 | |0 0 |1 0 |4 0 |6 153_430000000000000_PIA_1982 |7 0 |8 A |9 351198 |a FDOPOS |b FDOPOS |d 2019-11-21 |i 3691500 |o 153.43 PIA 1982 |p 3691500 |r 2025-01-22 |w 2019-11-21 |y BK |k MLA | ||